000
002810000a22001210004500
041
0
_a
SPA
082
0
4
_a
G 864 F365g
100
1
_a
Fernández Retamar, Roberto
245
1
0
_a
El guacamayo y la serpiente / Roberto Fernández Retamar
300
_a
143 Pag
001
11124
942
_c
BK
999
_c
40492
_d
40492